Top 10 Songs by Depeche Mode - Statistics

General Stats
  • This quiz has been taken 7 times
  • The average score is 6 of 10
Answer Stats
Hint Answer % Correct
2 Enjoy the Silence
86%
1 Personal Jesus
86%
10 People Are People
71%
6 Everything Counts
57%
4 Just Can't Get Enough
57%
7 Policy of Truth
57%
8 Stripped
57%
5 Strangelove
43%
9 Walking in My Shoes
43%
3 Never Let Me Down Again
29%
No matching quizzes found
Score Distribution
Percent of People with Each Score
Percentile by Number Answered
Your Score History
You have not taken this quiz